Most Visited Countries - With Exceptions - Statistics

General Stats
  • This quiz has been taken 67 times
  • The average score is 23 of 25
Answer Stats
Tourists Country % Correct
6.9 mil Brazil
100%
22.1 mil Canada
100%
17.9 mil India
100%
32.3 mil Japan
100%
45.3 mil Mexico
100%
9.3 mil Australia
98%
65.7 mil China
98%
11.3 mil Egypt
98%
10.2 mil South Africa
98%
79.3 mil United States
98%
39.8 mil Thailand
97%
15.5 mil Indonesia
95%
51.2 mil Turkey
95%
8.3 mil Argentina
92%
17.5 mil South Korea
92%
18.0 mil Vietnam
92%
16.7 mil United Arab Emirates
88%
12.9 mil Morocco
87%
7.7 mil Philippines
87%
13.6 mil Saudi Arabia
85%
26.1 mil Malaysia
83%
11.0 mil Taiwan
83%
15.1 mil Singapore
82%
9.5 mil Tunisia
55%
6.6 mil Dominican Republic
50%
No matching quizzes found
Score Distribution
Percent of People with Each Score
Percentile by Number Answered
Your Score History
You have not taken this quiz